[Event "Landsturneringen 2016"]
[Site "Tromstunhallen, Tromsø"]
[Date "2016.07.12"]
[Round "5"]
[White "Djurhuus, Rune"]
[Black "Nilsen, Joachim B."]
[Result "1/2-1/2"]
[WhiteElo "2402"]
[BlackElo "2407"]
[PlyCount "31"]
[EventDate "2016.??.??"]

1. d4 Nf6 2. c4 e6 3. Nc3 Bb4 4. e3 O-O 5. Nge2 Re8 6. a3 Bf8 7. e4 d5 8. e5
Nfd7 9. cxd5 exd5 10. g3 c5 11. Bg2 cxd4 12. Qxd4 Nxe5 13. O-O Nbc6 14. Qxd5
Be6 15. Qxd8 Raxd8 16. Bf4 
1/2-1/2

[Event "Landsturneringen 2016"]
[Site "Tromstunhallen, Tromsø"]
[Date "2016.07.12"]
[Round "5"]
[White "Salomon, Johan"]
[Black "Urkedal, Frode Olav Olsen"]
[Result "0-1"]
[WhiteElo "2458"]
[BlackElo "2557"]
[PlyCount "56"]
[EventDate "2016.??.??"]

1. d4 Nf6 2. c4 e6 3. Nf3 b6 4. e3 Bb7 5. Bd3 d5 6. cxd5 exd5 7. b3 Bb4+ 8.
Nbd2 Nbd7 9. Bb2 Qe7 10. O-O Bd6 11. Qe2 a5 12. Nh4 g6 13. f4 Ne4 14. Nhf3 f6
15. a3 O-O-O 16. b4 Nxd2 17. Nxd2 Rhe8 18. Kf2 axb4 19. a4 c5 20. a5 c4 21. a6
Bc6 22. Rfc1 Kb8 23. a7+ Ka8 24. Qf3 Bb7 25. Be2 f5 26. Rxc4 dxc4 27. Qxb7+
Kxb7 28. Bf3+ Kc7 
0-1

[Event "Landsturneringen 2016"]
[Site "Tromstunhallen, Tromsø"]
[Date "2016.07.12"]
[Round "5"]
[White "Lie, Kjetil A."]
[Black "Hauge, Lars Oskar"]
[Result "1-0"]
[WhiteElo "2520"]
[BlackElo "2386"]
[PlyCount "81"]
[EventDate "2016.??.??"]

1. c4 e5 2. Nc3 Nf6 3. Nf3 Nc6 4. e3 Bb4 5. Qc2 Bxc3 6. bxc3 O-O 7. e4 d6 8. g3
h6 9. d3 Be6 10. Rb1 Nd7 11. Bg2 f5 12. exf5 Bxf5 13. Nh4 Bh7 14. Be3 Nb6 15.
O-O Qe7 16. Qe2 Rae8 17. Rfe1 Kh8 18. Be4 Qe6 19. Bxh7 Kxh7 20. c5 dxc5 21.
Bxc5 Rf6 22. d4 e4 23. Bxb6 axb6 24. Rb5 Qf7 25. Ng2 Rf3 26. Ne3 Kh8 27. Qc2
Qd7 28. Rh5 b5 29. Rh4 Ref8 30. Ng4 b4 31. Qxe4 Qf5 32. d5 Ne7 33. Qxe7 Rxf2
34. Qxf8+ Qxf8 35. Nxf2 bxc3 36. Rc4 Qa3 37. Rxc7 Qa5 38. d6 c2 39. Re8+ Kh7
40. Rxc2 Qe1+ 41. Rxe1 
1-0

[Event "Landsturneringen 2016"]
[Site "Tromstunhallen, Tromsø"]
[Date "2016.07.12"]
[Round "5"]
[White "Getz, Nicolai"]
[Black "Grønn, Atle"]
[Result "1-0"]
[WhiteElo "2461"]
[BlackElo "2327"]
[PlyCount "81"]
[EventDate "2016.??.??"]

1. e4 e6 2. d4 d5 3. Nd2 dxe4 4. Nxe4 Nd7 5. Nf3 Ngf6 6. Bd3 Nxe4 7. Bxe4 Nf6
8. Bg5 c5 9. O-O cxd4 10. Bxf6 Qxf6 11. Qd3 a6 12. Nxd4 g6 13. Nb5 axb5 14.
Bxb7 Ra7 15. Bxc8 Qxb2 16. Rab1 Qe5 17. Rxb5 Qc7 18. Qd4 Rg8 19. Rd1 Be7 20. a4
Kf8 21. Bd7 Ra8 22. Qe4 Rd8 23. Rb7 Qc5 24. g3 Kg7 25. Re1 Rgf8 26. Re3 Bf6 27.
Rf3 e5 28. Kg2 Rb8 29. Rfb3 Rxb7 30. Rxb7 Kg8 31. Bb5 Bd8 32. Qc6 Qxc6+ 33.
Bxc6 f5 34. Bd5+ Kh8 35. c4 Ba5 36. Rb5 Bc3 37. a5 Rf6 38. Bb7 Bd4 39. c5 f4
40. a6 f3+ 41. Kh3 
1-0

[Event "Landsturneringen 2016"]
[Site "Tromstunhallen, Tromsø"]
[Date "2016.07.12"]
[Round "5"]
[White "Kovachev, Daniel Jakobsen"]
[Black "Elsness, Frode"]
[Result "0-1"]
[WhiteElo "2315"]
[BlackElo "2439"]
[PlyCount "32"]
[EventDate "2016.??.??"]

1. d4 Nf6 2. c4 e6 3. Nf3 d5 4. Nc3 Bb4 5. Bg5 h6 6. Bxf6 Qxf6 7. Qb3 c5 8.
cxd5 exd5 9. Qxd5 Nc6 10. Qe4+ Be6 11. e3 O-O-O 12. O-O-O Bf5 13. Qf4 g5 14.
Qg3 cxd4 15. Nxd4 Nxd4 16. exd4 Bd6 
0-1

[Event "Landsturneringen 2016"]
[Site "Tromstunhallen, Tromsø"]
[Date "2016.07.12"]
[Round "5"]
[White "Christiansen, Johan-Sebastian"]
[Black "Devereaux, Maxim L"]
[Result "1-0"]
[WhiteElo "2411"]
[BlackElo "2365"]
[PlyCount "69"]
[EventDate "2016.??.??"]

1. Nf3 c5 2. c4 Nc6 3. g3 g6 4. Bg2 Bg7 5. Nc3 d6 6. O-O e5 7. a3 a5 8. Ne1 Be6
9. d3 Nge7 10. Nc2 O-O 11. Ne3 Qd7 12. Ned5 Ra6 13. Rb1 Bxd5 14. Nxd5 Nxd5 15.
Bxd5 Ne7 16. Bg2 b5 17. Bg5 f6 18. Be3 Rb8 19. b4 cxb4 20. axb4 a4 21. Qc2 Kf8
22. Qa2 Nf5 23. Bd2 Ra7 24. Rfc1 bxc4 25. dxc4 Bh6 26. e3 Ne7 27. b5 f5 28. Bb4
Nc8 29. Bc6 Qf7 30. Bd5 Qd7 31. c5 Bg5 32. Be6 Qd8 33. b6 Nxb6 34. cxb6 Qxb6
35. Ba3 
1-0

[Event "Landsturneringen 2016"]
[Site "Tromstunhallen, Tromsø"]
[Date "2016.07.12"]
[Round "5"]
[White "Risting, Eivind Olav"]
[Black "Moen, Andreas G.R."]
[Result "1/2-1/2"]
[WhiteElo "2376"]
[BlackElo "2325"]
[PlyCount "50"]
[EventDate "2016.??.??"]

1. b3 d5 2. Bb2 Nf6 3. Nf3 Bf5 4. g3 e6 5. Bg2 h6 6. O-O Be7 7. c4 O-O 8. d4 c6
9. Nc3 Nbd7 10. Nd2 Qb6 11. e4 dxe4 12. Ndxe4 Nxe4 13. Nxe4 Rfd8 14. Qe2 Nf6
15. Rfd1 Nxe4 16. Bxe4 Bxe4 17. Qxe4 Bf6 18. Rd2 Qa5 19. Qc2 Rd7 20. Bc3 Qh5
21. Rad1 Rad8 22. Kg2 g6 23. Qe4 Bg7 24. Rd3 Qg5 25. Bd2 Qf5 
1/2-1/2

[Event "Landsturneringen 2016"]
[Site "Tromstunhallen, Tromsø"]
[Date "2016.07.12"]
[Round "5"]
[White "Forså, Espen"]
[Black "Mihajlov, Sebastian"]
[Result "1/2-1/2"]
[WhiteElo "2308"]
[BlackElo "2360"]
[PlyCount "82"]
[EventDate "2016.??.??"]

1. e4 e5 2. Nf3 Nc6 3. Bb5 a6 4. Bxc6 dxc6 5. O-O Bg4 6. h3 h5 7. d3 Qf6 8. Be3
Bxf3 9. Qxf3 Qxf3 10. gxf3 Bd6 11. Nc3 Ne7 12. Ne2 g5 13. Ng3 f6 14. Rfd1 Kf7
15. d4 exd4 16. Rxd4 Be5 17. Rd3 b6 18. Rad1 c5 19. b3 Ke6 20. a4 a5 21. Kh1
Bd6 22. Bc1 Rag8 23. h4 Rh7 24. Ne2 Rhg7 25. hxg5 fxg5 26. f4 gxf4 27. Nxf4+
Bxf4 28. Bxf4 Rg4 29. Bxc7 Rxe4 30. Re3 Rxe3 31. Rd6+ Kf5 32. fxe3 Nc8 33. Rh6
Ke4 34. Bf4 Rd8 35. Rxh5 Kf3 36. Rh3+ Ke4 37. Rg3 Ne7 38. Bg5 Rd1+ 39. Rg1 Rd7
40. Kh2 Nc6 41. Rg4+ Ke5 
1/2-1/2

[Event "Landsturneringen 2016"]
[Site "Tromstunhallen, Tromsø"]
[Date "2016.07.12"]
[Round "5"]
[White "Hole, Øystein"]
[Black "Hobber, Anders"]
[Result "1/2-1/2"]
[WhiteElo "2332"]
[BlackElo "2333"]
[PlyCount "73"]
[EventDate "2016.??.??"]

1. Nf3 d5 2. d4 c6 3. c4 Nf6 4. Nc3 a6 5. c5 Nbd7 6. Bf4 Nh5 7. Bd2 Nhf6 8. Bf4
Nh5 9. Bd2 Nhf6 10. g3 e5 11. dxe5 Ng4 12. b4 Ngxe5 13. Bg2 Be7 14. O-O O-O 15.
e4 Nxf3+ 16. Bxf3 d4 17. Na4 a5 18. a3 axb4 19. axb4 Ne5 20. Bf4 Bf6 21. Bxe5
Bxe5 22. Qd3 Be6 23. Nb6 Rxa1 24. Rxa1 Qe7 25. Bg2 g5 26. Rd1 Rd8 27. Qc2 Kg7
28. Bf1 Bc7 29. Na4 Qf6 30. Nb2 Ra8 31. Bc4 Bg4 32. Re1 Be5 33. Nd3 Ra3 34. Qd2
Bf3 35. Nxe5 Qxe5 36. Be2 Bxe2 37. Qxe2 
1/2-1/2

[Event "Landsturneringen 2016"]
[Site "Tromstunhallen, Tromsø"]
[Date "2016.07.12"]
[Round "5"]
[White "Martinsen, Stig K."]
[Black "Kjøita, Henning Jakhelln"]
[Result "0-1"]
[WhiteElo "2206"]
[BlackElo "2068"]
[PlyCount "90"]
[EventDate "2016.??.??"]

1. d4 g6 2. e4 h5 3. Nf3 Bg7 4. h3 d6 5. Nc3 Nc6 6. Bg5 Nf6 7. Qd2 a6 8. Be2
Nd7 9. O-O f6 10. Be3 e5 11. dxe5 dxe5 12. Rad1 Nf8 13. Qc1 Bd7 14. Nd5 Qc8 15.
Nh2 g5 16. Rd3 Ne6 17. Qd1 g4 18. hxg4 Ncd4 19. gxh5 Bb5 20. Bg4 Bxd3 21. Qxd3
Qd8 22. c3 f5 23. exf5 Qxd5 24. cxd4 Nxd4 25. Bxd4 Qxd4 26. Qb3 Qb6 27. Qc4 Bf6
28. Rd1 Rd8 29. Rxd8+ Kxd8 30. Nf3 Re8 31. Qd5+ Kc8 32. Qf7 Qc6 33. h6 Rh8 34.
g3 Qc1+ 35. Kg2 Qxh6 36. Kf1 Kb8 37. Qe6 Qc1+ 38. Ke2 Qxb2+ 39. Ke3 Qc3+ 40.
Ke2 Qc2+ 41. Ke3 Rd8 42. Qb3 Qc1+ 43. Ke2 e4 44. Ne1 Bc3 45. Ng2 Rd2+ 
0-1

[Event "Landsturneringen 2016"]
[Site "Tromstunhallen, Tromsø"]
[Date "2016.07.12"]
[Round "5"]
[White "Haug, Johannes"]
[Black "Merkesvik, Sondre"]
[Result "1-0"]
[WhiteElo "2318"]
[BlackElo "2263"]
[PlyCount "49"]
[EventDate "2016.??.??"]

1. c4 Nf6 2. g3 g6 3. Bg2 d5 4. cxd5 Nxd5 5. Nc3 Nxc3 6. bxc3 Bg7 7. Nf3 O-O 8.
O-O c5 9. d4 Nc6 10. e3 Qa5 11. Qb3 cxd4 12. Nxd4 Qc7 13. Rb1 Na5 14. Qb4 a6
15. Rd1 Rb8 16. Ba3 e5 17. Qd6 Qxd6 18. Bxd6 exd4 19. Bxb8 dxc3 20. Bc7 c2 21.
Bxa5 b5 22. Rbc1 cxd1=Q+ 23. Rxd1 Be6 24. Bd5 Bc8 25. Bb4 
1-0

[Event "Landsturneringen 2016"]
[Site "Tromstunhallen, Tromsø"]
[Date "2016.07.13"]
[Round "6"]
[White "Nilsen, Joachim B."]
[Black "Urkedal, Frode Olav Olsen"]
[Result "0-1"]
[WhiteElo "2407"]
[BlackElo "2557"]
[PlyCount "64"]
[EventDate "2016.??.??"]

1. d4 Nf6 2. c4 e6 3. Nf3 b6 4. a3 Bb7 5. Nc3 d5 6. cxd5 Nxd5 7. Bd2 Be7 8. Qc2
O-O 9. e4 Nxc3 10. Bxc3 Nd7 11. Rd1 c5 12. dxc5 Qc7 13. c6 Bxc6 14. Nd4 Nc5 15.
Nxc6 Qxc6 16. Bb4 Rfd8 17. Be2 a5 18. Bxc5 Bxc5 19. Rc1 Rac8 20. Kf1 Qa8 21.
Qb1 Rd2 22. Rd1 Rcd8 23. h4 Rxd1+ 24. Bxd1 Rd2 25. Be2 Qd8 26. b4 axb4 27. axb4
Bd4 28. Qb3 Qa8 29. Qb1 Ra2 30. Qd3 Ra1+ 31. Bd1 Qa4 32. Ke2 Ra2+ 
0-1

[Event "Landsturneringen 2016"]
[Site "Tromstunhallen, Tromsø"]
[Date "2016.07.13"]
[Round "6"]
[White "Lie, Kjetil A."]
[Black "Djurhuus, Rune"]
[Result "1/2-1/2"]
[WhiteElo "2520"]
[BlackElo "2402"]
[PlyCount "76"]
[EventDate "2016.??.??"]

1. c4 g6 2. g3 Bg7 3. Bg2 c5 4. Nc3 Nc6 5. a3 e6 6. b4 Nxb4 7. axb4 cxb4 8. Nb5
Bxa1 9. Qa4 Bf6 10. Qxb4 Be7 11. c5 f6 12. h4 a5 13. Qf4 Kf8 14. Ba3 a4 15. Nh3
Ra5 16. Qc4 Nh6 17. O-O Nf7 18. d4 Kg7 19. Bb4 Ra6 20. d5 exd5 21. Bxd5 Ne5 22.
Qf4 d6 23. cxd6 Bxh3 24. Rd1 Bxd6 25. Bxb7 Rb6 26. Rxd6 Rxd6 27. Bxd6 Re8 28.
Nc7 Nf7 29. Nxe8+ Qxe8 30. Bc5 Qxe2 31. Qb8 Qd1+ 32. Kh2 Qd8 33. Qa7 Bd7 34.
Bd5 Qe8 35. Bd4 Be6 36. Bxe6 Qxe6 37. Qxa4 h5 38. Qa7 Qd5 
1/2-1/2

[Event "Landsturneringen 2016"]
[Site "Tromstunhallen, Tromsø"]
[Date "2016.07.13"]
[Round "6"]
[White "Elsness, Frode"]
[Black "Getz, Nicolai"]
[Result "1-0"]
[WhiteElo "2439"]
[BlackElo "2461"]
[PlyCount "121"]
[EventDate "2016.??.??"]

1. d4 Nf6 2. c4 e6 3. Nf3 d5 4. Nc3 Nbd7 5. Bg5 c6 6. e3 Qa5 7. Nd2 Bb4 8. Qc2
O-O 9. Be2 c5 10. O-O cxd4 11. Nb3 Qb6 12. exd4 dxc4 13. Bxc4 Qc6 14. Be2 Nd5
15. Rac1 Bxc3 16. bxc3 b5 17. Qd3 Rb8 18. Qg3 f6 19. Bh6 Rf7 20. Rfe1 Qb6 21.
Bf3 Ne7 22. Bf4 Nf5 23. Qh3 Rb7 24. d5 e5 25. Qxf5 exf4 26. d6 Rb8 27. Bd5 Ne5
28. Qxf4 Qxd6 29. Bxf7+ Kxf7 30. Rcd1 Qc7 31. Qd4 Bg4 32. Qd6 Rc8 33. Qxc7+
Rxc7 34. Rd5 a6 35. Rd6 Bc8 36. Rc1 g5 37. h3 Ke7 38. Rd5 Be6 39. Rd4 a5 40.
Nxa5 Bxa2 41. Ra1 Be6 42. Rb4 Bd7 43. Ra3 Kf7 44. Re4 Kg6 45. Kh2 h5 46. Rd4
Kf5 47. Rd6 Kg6 48. Rd1 h4 49. Kg1 Bf5 50. Kh2 Nd3 51. Rd2 Nc5 52. f3 Bd7 53.
Rd4 Ne6 54. Rb4 Nc5 55. c4 Na6 56. Rb2 b4 57. Rd3 Bc8 58. Rd6 Rc5 59. Nc6 Bf5
60. Ne7+ Kf7 61. Nxf5 
1-0

[Event "Landsturneringen 2016"]
[Site "Tromstunhallen, Tromsø"]
[Date "2016.07.13"]
[Round "6"]
[White "Salomon, Johan"]
[Black "Christiansen, Johan-Sebastian"]
[Result "1-0"]
[WhiteElo "2458"]
[BlackElo "2411"]
[PlyCount "95"]
[EventDate "2016.??.??"]

1. Nf3 d5 2. g3 Bg4 3. Bg2 Nd7 4. O-O Ngf6 5. d3 e6 6. h3 Bh5 7. Qe1 Bc5 8. e4
c6 9. Nbd2 O-O 10. a3 Qc7 11. Kh1 Bb6 12. Nh4 e5 13. Nb3 Ne8 14. g4 Bg6 15. f4
exf4 16. Bxf4 Qc8 17. Nxg6 hxg6 18. exd5 cxd5 19. Bxd5 Nef6 20. Bg2 Qxc2 21.
Qc3 Rac8 22. Qxc2 Rxc2 23. Rab1 Re8 24. Bxb7 Ne5 25. Rfd1 Nexg4 26. hxg4 Nxg4
27. Rd2 Rxd2 28. Bxd2 Re5 29. d4 Rb5 30. Nc5 Bxc5 31. dxc5 Rxb7 32. b4 Nf2+ 33.
Kg2 Ne4 34. Be3 f5 35. Rc1 g5 36. c6 Rc7 37. b5 f4 38. Bxa7 Rxa7 39. b6 Rxa3
40. c7 Rg3+ 41. Kh2 Nf6 42. c8=Q+ Kh7 43. Qf5+ Kh6 44. Rc6 Ra3 45. Rxf6+ gxf6
46. Qxf6+ Kh5 47. b7 Ra2+ 48. Kg1 
1-0

[Event "Landsturneringen 2016"]
[Site "Tromstunhallen, Tromsø"]
[Date "2016.07.13"]
[Round "6"]
[White "Hauge, Lars Oskar"]
[Black "Kovachev, Daniel Jakobsen"]
[Result "1-0"]
[WhiteElo "2386"]
[BlackElo "2315"]
[PlyCount "53"]
[EventDate "2016.??.??"]

1. e4 e5 2. Nf3 d6 3. d4 exd4 4. Nxd4 Nf6 5. Nc3 Be7 6. Be2 O-O 7. O-O Nc6 8.
Nxc6 bxc6 9. f4 Re8 10. Bf3 Rb8 11. b3 Bb7 12. Bb2 Bf8 13. Qd2 c5 14. Rfe1 Bc6
15. Qf2 Nd7 16. Rad1 Qc8 17. Qg3 Qb7 18. Nd5 Bxd5 19. Rxd5 c4 20. Bxg7 Bxg7 21.
Rg5 Qb6+ 22. Kf1 Qd4 23. e5 Kh8 24. Rxg7 dxe5 25. Be4 Nf6 26. Rxf7 Rg8 27. Qh4
1-0

[Event "Landsturneringen 2016"]
[Site "TromsÃ¸"]
[Date "2016.07.13"]
[Round "?"]
[White "GrÃ¸nn, Atle"]
[Black "KjÃ¸ita, Henning Jakhelln"]
[Result "1-0"]
[WhiteElo "2327"]
[BlackElo "2068"]
[PlyCount "99"]
[EventDate "2016.??.??"]

1. Nf3 d5 2. d4 Bg4 3. Ne5 Bf5 4. c4 dxc4 5. Nc3 Nf6 6. f3 c6 7. e4 Be6 8. Bxc4
Bxc4 9. Nxc4 e6 10. Bg5 h6 11. Bh4 b5 12. Ne5 Be7 13. Bf2 O-O 14. O-O Nfd7 15.
Nd3 Nb6 16. Rc1 N8d7 17. Qe2 Re8 18. Rfd1 Qb8 19. f4 Qb7 20. Qf3 Rac8 21. f5
exf5 22. Qxf5 Nc4 23. Rc2 Nf6 24. b3 Nd6 25. Qf3 b4 26. Nc5 Qa8 27. N3a4 Nb5
28. Rf1 Rcd8 29. Rd2 Rf8 30. Re1 Qc8 31. h3 Nd7 32. Nxd7 Rxd7 33. Rd3 Rfd8 34.
Red1 Nc7 35. Rc1 Qa8 36. Rc4 Ne6 37. Qd1 Qb7 38. Nb2 Qa6 39. Qb1 Nf4 40. Rd2
Ne6 41. Rd1 Bf6 42. e5 Be7 43. Kh2 Rd5 44. Be3 c5 45. dxc5 Rxe5 46. Rxd8+ Bxd8
47. Nd1 Bc7 48. Kg1 Nxc5 49. Rxc5 Rxe3 50. Nxe3 
1-0

[Event "Landsturneringen 2016"]
[Site "Tromstunhallen, Tromsø"]
[Date "2016.07.13"]
[Round "6"]
[White "Forså, Espen"]
[Black "Risting, Eivind Olav"]
[Result "1-0"]
[WhiteElo "2308"]
[BlackElo "2376"]
[PlyCount "95"]
[EventDate "2016.??.??"]

1. e4 e6 2. d4 d5 3. Nd2 Nf6 4. e5 Nfd7 5. f4 c5 6. Ngf3 Nc6 7. Nb3 a5 8. dxc5
Nxc5 9. Be3 a4 10. Nxc5 Bxc5 11. Bxc5 Qa5+ 12. Qd2 Qxc5 13. a3 O-O 14. Bd3 f6
15. h4 Bd7 16. h5 b5 17. h6 g6 18. exf6 Rxf6 19. Ne5 Be8 20. Nxc6 Bxc6 21.
O-O-O d4 22. Rhe1 Rd8 23. Re5 Qf8 24. g3 Qxh6 25. Bxb5 Bxb5 26. Rxb5 Qh3 27.
Qf2 Rf5 28. Rxf5 gxf5 29. Kb1 Qg4 30. Rxd4 Rxd4 31. Qxd4 Qxg3 32. Qxa4 Kf7 33.
Qd7+ Kf6 34. Qd8+ Kf7 35. Qc7+ Kf6 36. a4 h5 37. a5 Qg2 38. b4 Qd2 39. Qc5 h4
40. a6 h3 41. a7 Qd8 42. Qc6 Qd1+ 43. Ka2 h2 44. a8=Q h1=Q 45. Qf8+ Kg6 46.
Qxe6+ Kh5 47. Qfxf5+ Kh4 48. Qg5# 
1-0

[Event "Landsturneringen 2016"]
[Site "Tromstunhallen, Tromsø"]
[Date "2016.07.13"]
[Round "6"]
[White "Devereaux, Maxim L"]
[Black "Mihajlov, Sebastian"]
[Result "1-0"]
[WhiteElo "2365"]
[BlackElo "2360"]
[PlyCount "129"]
[EventDate "2016.??.??"]

1. e4 e5 2. Nf3 Nc6 3. Bb5 a6 4. Bxc6 dxc6 5. O-O Bg4 6. h3 h5 7. d3 Qf6 8.
Nbd2 g5 9. Nc4 Bxf3 10. Qxf3 Qxf3 11. gxf3 f6 12. Be3 O-O-O 13. Rfd1 c5 14. Kf1
b6 15. c3 Ne7 16. d4 cxd4 17. cxd4 exd4 18. Bxd4 Bg7 19. Rac1 Kb7 20. Ne3 Rd6
21. Bc3 Rhd8 22. Rxd6 Rxd6 23. Ke2 Kc8 24. a4 Kd7 25. a5 Re6 26. Rd1+ Ke8 27.
axb6 cxb6 28. Nd5 Nxd5 29. Rxd5 Kf7 30. Kd3 Kg6 31. Rd8 Rc6 32. Ke3 b5 33. Kd3
Kf7 34. Rd7+ Kg6 35. Rd8 Kf7 36. Rd7+ Kg6 37. Bd2 Bh6 38. Rd5 Bf8 39. f4 gxf4
40. Bxf4 Bc5 41. f3 Bf2 42. Bd2 h4 43. f4 Kf7 44. f5 Ke8 45. Bc3 Bg3 46. Ke3
Ke7 47. Bb4+ Ke8 48. Bc5 Be5 49. b4 Rc7 50. Kf3 Rg7 51. Bf2 Bg3 52. Bd4 Ke7 53.
Bc5+ Ke8 54. Bd4 Ke7 55. Bc5+ Ke8 56. Bd6 Kf7 57. Bf4 Be1 58. Rd7+ Kg8 59. Rd6
Kf7 60. Rxa6 Bxb4 61. Rb6 Bc3 62. Rxb5 Rg1 63. Rc5 Bd4 64. Rc1 Rg7 65. Rc7+ 
1-0

[Event "Landsturneringen 2016"]
[Site "Tromstunhallen, Tromsø"]
[Date "2016.07.13"]
[Round "6"]
[White "Hobber, Anders"]
[Black "Haug, Johannes"]
[Result "1/2-1/2"]
[WhiteElo "2333"]
[BlackElo "2318"]
[PlyCount "69"]
[EventDate "2016.??.??"]

1. d4 Nf6 2. Nf3 e6 3. e3 b6 4. Bd3 Bb7 5. O-O c5 6. c4 Be7 7. Nc3 d5 8. cxd5
Nxd5 9. Nxd5 Qxd5 10. e4 Qd8 11. Bb5+ Bc6 12. Bxc6+ Nxc6 13. Qa4 Qd7 14. dxc5
Bxc5 15. Rd1 Qb7 16. e5 O-O 17. Qe4 Rfd8 18. Bg5 Rd7 19. a3 Bf8 20. b4 Ne7 21.
Qxb7 Rxb7 22. Bxe7 Bxe7 23. Nd4 Bf8 24. Kf1 Rd7 25. Nc6 Rc7 26. b5 a6 27. a4
axb5 28. axb5 Rxa1 29. Rxa1 g6 30. Ra8 Kg7 31. Rd8 Bc5 32. Ke2 f6 33. Re8 Kf7
34. Rh8 Kg7 35. Re8 
1/2-1/2

[Event "Landsturneringen 2016"]
[Site "Tromstunhallen, Tromsø"]
[Date "2016.07.13"]
[Round "6"]
[White "Martinsen, Stig K."]
[Black "Hole, Øystein"]
[Result "1/2-1/2"]
[WhiteElo "2206"]
[BlackElo "2332"]
[PlyCount "92"]
[EventDate "2016.??.??"]

1. b3 d5 2. Bb2 Nf6 3. e3 Bf5 4. Nf3 h6 5. c4 e6 6. Nc3 Be7 7. cxd5 exd5 8. Be2
c6 9. O-O O-O 10. d3 Nbd7 11. Re1 Re8 12. Bf1 Bf8 13. a3 a5 14. Ne2 Bh7 15. Ng3
Qb6 16. Rb1 Rad8 17. Qd2 c5 18. Bc3 Ra8 19. Qb2 Qc7 20. Rbc1 b5 21. b4 axb4 22.
axb4 c4 23. Nd4 Qb6 24. Ndf5 Ra6 25. Ra1 Rea8 26. Rxa6 Qxa6 27. e4 dxe4 28.
dxe4 Bxf5 29. Nxf5 g6 30. Nd4 Bg7 31. e5 Nd5 32. e6 fxe6 33. Rxe6 Qa2 34. Re8+
Kh7 35. Rxa8 Qxa8 36. Nxb5 Nxc3 37. Nxc3 Qh8 38. Qd2 Nb6 39. Ne2 Qf8 40. b5 Qc5
41. Nf4 Be5 42. Ne6 Qe7 43. f4 Qxe6 44. fxe5 Qxe5 45. Qf2 Qc7 46. Qd4 h5
1/2-1/2

[Event "Landsturneringen 2016"]
[Site "Tromstunhallen, Tromsø"]
[Date "2016.07.13"]
[Round "6"]
[White "Moen, Andreas G.R."]
[Black "Merkesvik, Sondre"]
[Result "1-0"]
[WhiteElo "2325"]
[BlackElo "2263"]
[PlyCount "43"]
[EventDate "2016.??.??"]

1. e4 c5 2. Nf3 d6 3. d4 cxd4 4. Nxd4 Nf6 5. Nc3 g6 6. Be3 Bg7 7. f3 Nc6 8. Qd2
O-O 9. O-O-O Bd7 10. Kb1 a6 11. g4 h5 12. gxh5 Nxh5 13. Rg1 b5 14. Nf5 Bxf5 15.
exf5 Ne5 16. fxg6 fxg6 17. f4 Nc4 18. Bxc4+ bxc4 19. Rxg6 Rf5 20. Rdg1 Qa5 21.
Qg2 Kf7 22. Qxa8 
1-0

[Event "Landsturneringen 2016"]
[Site "Tromstunhallen, Tromsø"]
[Date "2016.07.14"]
[Round "7"]
[White "Urkedal, Frode Olav Olsen"]
[Black "Elsness, Frode"]
[Result "0-1"]
[WhiteElo "2557"]
[BlackElo "2439"]
[PlyCount "136"]
[EventDate "2016.??.??"]

1. d4 Nf6 2. c4 e6 3. Nc3 Bb4 4. e3 O-O 5. Nf3 d5 6. Bd3 c5 7. O-O dxc4 8. Bxc4
Nbd7 9. a3 Ba5 10. Qe2 a6 11. Bd3 Qe7 12. Rd1 e5 13. Bc2 exd4 14. exd4 Qxe2 15.
Nxe2 Re8 16. Ng3 cxd4 17. Nxd4 Bb6 18. Ngf5 Ne5 19. Bg5 Neg4 20. h3 Nxf2 21.
Kxf2 Bxf5 22. Bxf5 Ne4+ 23. Bxe4 Rxe4 24. Kf3 Rxd4 25. Be3 Rxd1 26. Rxd1 Bxe3
27. Kxe3 Re8+ 28. Kf3 g6 29. Rd7 b5 30. Ra7 Re6 31. g4 g5 32. Rc7 Rh6 33. Kg3
Rd6 34. Rc3 Kg7 35. Kf3 Re6 36. b4 Kg6 37. Rc8 h6 38. Rc5 h5 39. a4 bxa4 40.
Ra5 h4 41. Rxa4 f6 42. Ra5 Rb6 43. Ra4 Rc6 44. Kg2 Kf7 45. Ra5 Rb6 46. Kf3 Ke6
47. Ke3 Kd7 48. Kd3 Rxb4 49. Rxa6 Rb3+ 50. Ke4 Rxh3 51. Rxf6 Rg3 52. Rh6 Rxg4+
53. Kf3 Rg3+ 54. Kf2 Ke7 55. Ra6 Kf7 56. Rb6 Kg7 57. Ra6 Rg4 58. Kf3 Rf4+ 59.
Kg2 Rf6 60. Ra8 Kg6 61. Kh3 Rf3+ 62. Kg2 Rc3 63. Ra6+ Kh5 64. Ra4 Rc2+ 65. Kf3
g4+ 66. Kf4 Rf2+ 67. Ke3 Rf3+ 68. Ke2 h3 
0-1

[Event "Landsturneringen 2016"]
[Site "Tromstunhallen, Tromsø"]
[Date "2016.07.14"]
[Round "7"]
[White "Djurhuus, Rune"]
[Black "Hauge, Lars Oskar"]
[Result "0-1"]
[WhiteElo "2402"]
[BlackElo "2386"]
[PlyCount "90"]
[EventDate "2016.??.??"]

1. d4 Nf6 2. c4 e6 3. Nc3 Bb4 4. e3 O-O 5. Nge2 Re8 6. a3 Bf8 7. Ng3 d5 8. Be2
c5 9. dxc5 Bxc5 10. cxd5 exd5 11. O-O Nc6 12. b4 Bb6 13. b5 Ne5 14. Na4 Bc7 15.
Bb2 b6 16. Bd4 Bd7 17. Nb2 h5 18. Nxh5 Nxh5 19. Bxh5 Bxb5 20. Be2 Bxe2 21. Qxe2
Nc6 22. Qg4 Nxd4 23. Qxd4 Be5 24. Qd2 d4 25. e4 d3 26. Ra2 Bxb2 27. Rxb2 Rxe4
28. Rb3 Rd4 29. Rd1 Rc8 30. h3 Rc2 31. Qe3 d2 32. Kh2 Qd6+ 33. g3 Qd5 34. Rb4
Rxb4 35. axb4 a5 36. bxa5 bxa5 37. h4 a4 38. Qe8+ Kh7 39. Qxa4 Rc1 40. Qg4 Qd3
41. h5 Rxd1 42. Qxd1 Kh6 43. Kg2 Qe4+ 44. Kf1 Qc4+ 45. Kg2 Qc1 
0-1

[Event "Landsturneringen 2016"]
[Site "Tromstunhallen, Tromsø"]
[Date "2016.07.14"]
[Round "7"]
[White "Nilsen, Joachim B."]
[Black "Lie, Kjetil A."]
[Result "1/2-1/2"]
[WhiteElo "2407"]
[BlackElo "2520"]
[PlyCount "22"]
[EventDate "2016.??.??"]

1. Nf3 d6 2. d4 Bg4 3. e4 Nf6 4. Nbd2 e6 5. Bd3 d5 6. O-O Be7 7. c3 dxe4 8.
Nxe4 Nbd7 9. Ng3 Nh5 10. Ne4 Nhf6 11. Ng3 Nh5 
1/2-1/2

[Event "Landsturneringen 2016"]
[Site "Tromstunhallen, Tromsø"]
[Date "2016.07.14"]
[Round "7"]
[White "Getz, Nicolai"]
[Black "Salomon, Johan"]
[Result "0-1"]
[WhiteElo "2461"]
[BlackElo "2458"]
[PlyCount "188"]
[EventDate "2016.??.??"]

1. e4 c5 2. Ne2 a6 3. Nbc3 d6 4. g3 g6 5. Bg2 Bg7 6. d4 cxd4 7. Nxd4 Nf6 8. O-O
O-O 9. b3 Bg4 10. f3 Bd7 11. Bb2 Nc6 12. Nde2 Rc8 13. Qd2 b5 14. Kh1 b4 15. Nd1
Qb6 16. c4 a5 17. Ne3 e5 18. Rad1 a4 19. Nc2 Be6 20. Nc1 Rfd8 21. Nd3 axb3 22.
axb3 Na5 23. Na1 Nd7 24. Nxb4 Nc5 25. Nd5 Bxd5 26. cxd5 Naxb3 27. Nxb3 Nxb3 28.
Qf2 Nd4 29. f4 Rc7 30. Rd2 Rb8 31. Bxd4 exd4 32. Re1 Re8 33. Rc2 Ra7 34. Rec1
Qa6 35. Rc6 Qa3 36. Bf3 Raa8 37. Kg2 Rab8 38. Rc7 d3 39. Rd1 Rb2 40. Rd2 Bd4
41. Rxb2 Bxf2 42. Rxf2 Qb4 43. Rc1 Qd4 44. Rd1 f5 45. exf5 gxf5 46. Rdd2 Rb8
47. Kh3 Rb3 48. Ra2 Kf7 49. Bg2 Ke7 50. Rad2 Kd7 51. Rf1 Rb2 52. Rxb2 Qxb2 53.
Bf3 Qd2 54. Ra1 Qf2 55. Bd1 Kc7 56. Rc1+ Kb6 57. Bh5 d2 58. Rc6+ Kb7 59. Rxd6
d1=Q 60. Bxd1 Qf1+ 61. Kh4 Qxd1 62. h3 Kc8 63. Rh6 Qxd5 64. Rxh7 Qd8+ 65. Kh5
Qg8 66. Ra7 Qxg3 67. Ra4 Kd7 68. h4 Qg4+ 69. Kh6 Qxh4+ 70. Kg6 Qg4+ 71. Kf6 Qh3
72. Ra7+ Kc6 73. Ra6+ Kc7 74. Ra7+ Kb6 75. Rf7 Qh5 76. Ke6 Kc6 77. Rxf5 Qg4 78.
Ke5 Qe2+ 79. Kf6 Qf3 80. Kg5 Qg3+ 81. Kf6 Kd6 82. Kf7 Qg4 83. Rf6+ Kd7 84. f5
Qg5 85. Rg6 Qxf5+ 86. Kg7 Ke7 87. Kh8 Qh3+ 88. Kg8 Qh5 89. Kg7 Qh4 90. Kg8 Qh3
91. Kg7 Qh5 92. Rg2 Qe5+ 93. Kh6 Qe3+ 94. Kh5 Qh3+ 
0-1

[Event "Landsturneringen 2016"]
[Site "Tromstunhallen, Tromsø"]
[Date "2016.07.14"]
[Round "7"]
[White "Christiansen, Johan-Sebastian"]
[Black "Grønn, Atle"]
[Result "1-0"]
[WhiteElo "2411"]
[BlackElo "2327"]
[PlyCount "63"]
[EventDate "2016.??.??"]

1. Nf3 d5 2. c4 d4 3. b4 g6 4. g3 Bg7 5. d3 e5 6. Bg2 Ne7 7. O-O O-O 8. a4 a5
9. b5 c5 10. Ra2 Ra7 11. e3 dxe3 12. fxe3 b6 13. Nc3 Nd7 14. Raf2 f5 15. e4 Nf6
16. Qc2 Qd6 17. Nd5 Ng4 18. Re2 f4 19. h3 Nxd5 20. cxd5 fxg3 21. hxg4 Bxg4 22.
Bg5 Raf7 23. Re3 Bf6 24. Bh6 Bg7 25. Bxg7 Kxg7 26. Nd2 Rf2 27. Rxg3 Qf6 28.
Rxg4 h5 29. Rg3 Rxf1+ 30. Nxf1 Qh4 31. Rf3 Rf4 32. Qb2 
1-0